[Event "FRA-ch U14 Girls"]
[Site "Troyes"]
[Date "2010.04.12"]
[Round "2"]
[White "Minaud, Emily"]
[Black "Canterel, Cecile"]
[Result "0-1"]
[WhiteElo "1540"]
[BlackElo "1840"]
[PlyCount "132"]
[EventDate "2010.04.11"]
[EventType "swiss"]
[EventRounds "9"]
[EventCountry "FRA"]
[SourceTitle "EXT 2012"]
[Source "ChessBase"]
[SourceDate "2011.11.24"]
[SourceVersion "1"]
[SourceVersionDate "2011.11.24"]
[SourceQuality "1"]

1. e4 c5 2. Nf3 e6 3. d4 cxd4 4. Nxd4 a6 5. Nc3 Nc6 6. Nf3 b5 7. Bd3 Bb7 8. Be3 Nge7 9. 0-0 d5 10. exd5 Nxd5 11. Ne4 Nxe3 12. fxe3 Be7 13. Qe1 h6 14. Qg3 0-0 15. Nf2 Bd6 16. Qh4 Qxh4 17. Nxh4 Ne5 18. Be4 Bxe4 19. Nxe4 Be7 20. Nf3 Nc4 21. Rfe1 Nxb2 22. Ne5 Rac8 23. Re2 Nc4 24. Nf3 Na3 25. Rc1 Rc4 26. Ng3 Rfc8 27. Ne1 Bf6 28. e4 Bb2 29. Rd1 Nxc2 30. Nxc2 Rxc2 31. Rd8+ Rxd8 32. Rxc2 Be5 33. Kf2 Rb8 34. Nf1 a5 35. h3 a4 36. Ke3 g5 37. g3 Kf8 38. Rc5 Bd6 39. Rc6 Be7 40. e5 b4 41. Kd2 Rd8+ 42. Kc2 Rd5 43. Ra6 Rxe5 44. Rxa4 Re1 45. Nd2 Re3 46. Nf1 Rf3 47. Nd2 Rxg3 48. Nc4 Rxh3 49. Ne5 Ra3 50. Rxa3 bxa3 51. Ng4 Kg7 52. Kd3 f5 53. Nf2 Kg6 54. Ke2 h5 55. Kf3 e5 56. Kg3 e4 57. Nh3 Bd6+ 58. Kf2 f4 59. Ke2 g4 60. Nf2 Kf5 61. Kf1 h4 62. Kg2 e3 63. Nh1 f3+ 64. Kf1 g3 65. Nf2 e2+ 66. Ke1 Bb4# 0-1

[Event "FRA-ch U12 Girls"]
[Site "Aix les Bains"]
[Date "2009.04.21"]
[Round "4"]
[White "Fesselier, Melissa"]
[Black "Canterel, Cecile"]
[Result "0-1"]
[WhiteElo "1390"]
[BlackElo "1560"]
[PlyCount "120"]
[EventDate "2009.04.19"]
[EventType "swiss"]
[EventRounds "9"]
[EventCountry "FRA"]
[SourceTitle "CBM 130 Extra"]
[Source "ChessBase"]
[SourceDate "2009.07.02"]
[SourceVersion "2"]
[SourceVersionDate "2009.07.15"]
[SourceQuality "1"]

1. d4 Nf6 2. c4 e6 3. Nc3 b6 4. Bg5 Be7 5. Nf3 Bb7 6. e3 0-0 7. Bd3 h6 8. Bh4 Nh5 9. Bxe7 Qxe7 10. Bc2 Nf6 11. Qd3 Nc6 12. a3 d6 13. Ne4 g6 14. 0-0-0 Kg7 15. Nxf6 Qxf6 16. h4 h5 17. Rh3 d5 18. cxd5 exd5 19. Ng5 Ne7 20. g4 hxg4 21. Rg3 Qxf2 22. Rxg4 Qf5 23. Qxf5 Nxf5 24. Bxf5 gxf5 25. Rg3 Kh6 26. Nf3 Rg8 27. Rdg1 Rxg3 28. Rxg3 f6 29. Kc2 Re8 30. Kd2 c5 31. Kd3 Ba6+ 32. Kd2 Kh7 33. Rg1 Rg8 34. Rxg8 Kxg8 35. Ke1 Kg7 36. Kf2 Kg6 37. Kg3 Bd3 38. Kf4 a5 39. Ne1 c4 40. b3 b5 41. bxc4 bxc4 42. Kg3 Be4 43. Kf2 Kh5 44. Kg3 c3 45. a4 c2 46. Nxc2 Bxc2 47. Kf2 Kxh4 48. Ke2 Bxa4 49. Kd2 Bb3 50. e4 fxe4 51. Kc3 a4 52. Kb2 e3 53. Ka3 e2 54. Kb2 e1Q 55. Ka3 Qc1+ 56. Kb4 Bd1 57. Ka5 Qb2 58. Ka6 a3 59. Ka7 a2 60. Ka8 a1R# 0-1

[Event "FRA-ch U12 Girls"]
[Site "Aix les Bains"]
[Date "2009.04.20"]
[Round "3"]
[White "Canterel, Cecile"]
[Black "Thomas, Apolline"]
[Result "0-1"]
[WhiteElo "1560"]
[BlackElo "1440"]
[PlyCount "122"]
[EventDate "2009.04.19"]
[EventType "swiss"]
[EventRounds "9"]
[EventCountry "FRA"]
[SourceTitle "CBM 130 Extra"]
[Source "ChessBase"]
[SourceDate "2009.07.02"]
[SourceVersion "2"]
[SourceVersionDate "2009.07.15"]
[SourceQuality "1"]

1. d4 d5 2. c4 e6 3. g3 Nf6 4. Bg2 Bd6 5. Nf3 Nbd7 6. b3 c5 7. dxc5 Bxc5 8. Bb2 dxc4 9. bxc4 0-0 10. Qb3 Ng4 11. 0-0 Bxf2+ 12. Rxf2 Nxf2 13. Kxf2 Nc5 14. Qc2 Qb6 15. Bd4 Qc7 16. Ng5 g6 17. Ne4 Nd7 18. Qc1 f6 19. Bh3 e5 20. Bb2 Nb6 21. Bxc8 Raxc8 22. c5 Nd7 23. Ba3 b6 24. c6 Nc5 25. Bxc5 bxc5 26. Qxc5 Qxc6 27. Qxc6 Rxc6 28. Nbc3 f5 29. Ke3 fxe4 30. Nxe4 Rfc8 31. h4 Rc1 32. Rxc1 Rxc1 33. Kd2 Rc4 34. Kd3 Ra4 35. Nc3 Ra3 36. Kc2 Kf7 37. Kb2 Ra5 38. Kb3 Kf6 39. Kb4 Ra6 40. e4 g5 41. h5 g4 42. Kb5 Ra3 43. Kb4 Ra6 44. Kb5 Rb6+ 45. Kc5 Rb2 46. Kd6 Rg2 47. Nd5+ Kg5 48. Kxe5 Rxg3 49. h6 Kxh6 50. Kf4 Ra3 51. Kxg4 Rxa2 52. Kf5 Re2 53. e5 a5 54. e6 a4 55. Nc3 Rf2+ 56. Ke5 a3 57. e7 Rf3 58. Kd5 Re3 59. Kd6 Kg5 60. Nd5 Rxe7 61. Nxe7 a2 0-1

[Event "FRA-ch U10 Girls"]
[Site "Le Grand Bornand"]
[Date "2007.04.??"]
[Round "9"]
[White "Auvray, Honorine"]
[Black "Canterel, Cecile"]
[Result "1-0"]
[WhiteElo "1440"]
[BlackElo "1490"]
[PlyCount "105"]
[EventDate "2007.04.07"]
[EventType "swiss"]
[EventRounds "9"]
[EventCountry "FRA"]
[SourceTitle "CBM 118 Extra"]
[Source "ChessBase"]
[SourceDate "2007.07.04"]
[SourceVersion "1"]
[SourceVersionDate "2007.07.04"]
[SourceQuality "1"]

1. e4 e5 2. Nc3 Bc5 3. Nf3 Nc6 4. Bb5 Nf6 5. 0-0 d6 6. d4 exd4 7. Nxd4 Bd7 8. Nxc6 bxc6 9. Bc4 0-0 10. Bg5 h6 11. Bh4 Be6 12. Qd3 Rb8 13. Bb3 Rb4 14. Na4 Rd4 15. Qa6 Rxe4 16. Bxf6 Qxf6 17. Qxc6 Re5 18. Rad1 Rc8 19. Nxc5 Rxc5 20. Qa6 Ra8 21. c3 Bc8 22. Qe2 Re5 23. Qf3 Qxf3 24. gxf3 Rg5+ 25. Kh1 Bh3 26. Rg1 Bg2+ 27. Rxg2 Rf5 28. Rg3 Re8 29. Rdg1 g5 30. h4 g4 31. Rxg4+ Kh8 32. f4 h5 33. Rg5 Rxg5 34. hxg5 Rf8 35. Bd1 h4 36. Kh2 Kg7 37. Kh3 Rb8 38. b4 Rh8 39. Rg4 f5 40. Rxh4 Rxh4+ 41. Kxh4 d5 42. Kh5 c6 43. Ba4 a6 44. Bxc6 d4 45. cxd4 a5 46. bxa5 Kf7 47. a6 Kg7 48. a7 Kf7 49. a8Q Kg7 50. Qb7+ Kg8 51. Kh6 Kf8 52. Qd7 Kg8 53. Qg7# 1-0